The OXFORD English reference dictionary

Bibliographic Details
Other Authors: Pearsall, Trumble
Format: Book
Published: Oxford : Oxford Universiti Press , 1996
Edition:2nd ed.
Subjects:

MARC

LEADER 00000cam a2200000 7i4500
001 0000001148
005 20140112.0
020 0 0 |a 0198600461 
090 0 0 |a R423   |b OXF 1996 
245 0 0 |a The OXFORD English reference dictionary   |c edited Judy Pearsall and Bill Trumble 
250 0 0 |a 2nd ed. 
260 0 0 |a Oxford :   |b Oxford Universiti Press ,   |c 1996 
300 |a xx, 1765 p. :   |b ill., maps ;   |c 26 cm. 
650 0 0 |a English language   |x Dictionaries 
700 0 1 |a Pearsall   |h Judy 
700 0 1 |a Trumble   |h Bill 
998 |a JPSM 
999 |a 0000002116   |b Monograph   |c Reference   |e Default branch